|
|
|
|
| LEADER |
02386nam a22004093i 4500 |
| 001 |
EBC7015900 |
| 003 |
MiAaPQ |
| 005 |
20231204023226.0 |
| 006 |
m o d | |
| 007 |
cr cnu|||||||| |
| 008 |
231204s2022 xx o ||||0 eng d |
| 020 |
|
|
|a 9780472902729
|q (electronic bk.)
|
| 020 |
|
|
|z 9780472133000
|
| 035 |
|
|
|a (MiAaPQ)EBC7015900
|
| 035 |
|
|
|a (Au-PeEL)EBL7015900
|
| 035 |
|
|
|a (OCoLC)1293750504
|
| 040 |
|
|
|a MiAaPQ
|b eng
|e rda
|e pn
|c MiAaPQ
|d MiAaPQ
|
| 050 |
|
4 |
|a HC79
|
| 082 |
0 |
|
|a 322.4
|
| 100 |
1 |
|
|a Ong, Elvin Jiayun.
|
| 245 |
1 |
0 |
|a Opposing Power :
|b Building Opposition Alliances in Electoral Autocracies.
|
| 250 |
|
|
|a 1st ed.
|
| 264 |
|
1 |
|a Ann Arbor :
|b University of Michigan Press,
|c 2022.
|
| 264 |
|
4 |
|c Ã2022.
|
| 300 |
|
|
|a 1 online resource (313 pages)
|
| 336 |
|
|
|a text
|b txt
|2 rdacontent
|
| 337 |
|
|
|a computer
|b c
|2 rdamedia
|
| 338 |
|
|
|a online resource
|b cr
|2 rdacarrier
|
| 490 |
1 |
|
|a Weiser Center for Emerging Democracies Series
|
| 505 |
0 |
|
|a Intro -- Contents -- Acknowledgments -- List of Figures -- List of Tables -- Part I. Introduction, Theory, and Research Design -- 1. The Challenges of Building Opposition Alliances -- 2. Coordination Problems, Regime Vulnerability, and Interparty Dependence -- 3. Studying Cases in East and Southeast Asia -- Part II. Perceptions of Mutual Dependency -- 4. Opposing Marcos: Opposition Alliance Formation in the Philippines -- 5. Opposing Roh: Opposition Fracture in South Korea -- Part III. Perceptions of Regime Vulnerability -- 6. The Divergent Party Systems in Malaysia and Singapore -- 7. Constructing Opposition Alliances in Malaysia, 1965-2018 -- 8. Failing to Build Opposition Alliances in Singapore, 1965-2020 -- 9. Conclusion -- Notes -- Bibliography -- Index.
|
| 588 |
|
|
|a Description based on publisher supplied metadata and other sources.
|
| 590 |
|
|
|a Electronic reproduction. Ann Arbor, Michigan : ProQuest Ebook Central, 2023. Available via World Wide Web. Access may be limited to ProQuest Ebook Central affiliated libraries.
|
| 655 |
|
4 |
|a Electronic books.
|
| 776 |
0 |
8 |
|i Print version:
|a Ong, Elvin Jiayun
|t Opposing Power
|d Ann Arbor : University of Michigan Press,c2022
|z 9780472133000
|
| 797 |
2 |
|
|a ProQuest (Firm)
|
| 830 |
|
0 |
|a Weiser Center for Emerging Democracies Series
|
| 856 |
4 |
0 |
|u https://ebookcentral.proquest.com/lib/matrademy/detail.action?docID=7015900
|z Click to View
|